| 000 | 00713nam a2200205 u 4500 | ||
|---|---|---|---|
| 005 | 20230601063657.0 | ||
| 008 | 110331s1998 mx r 000 0 spa d | ||
| 020 | _a9688428213 | ||
| 035 | _aUPN01000180043 | ||
| 049 | _aCG | ||
| 050 | 4 |
_aF1232 _bA2.4 |
|
| 245 | 1 | 3 |
_aLa abispa de Chilpancingo : _b1821-1823 / _ccoord. de Florencio Salazar Adame. |
| 260 |
_aMéxico : _bPorrúa : _bH. Congreso del Estado de Guerrero, _c1998. |
||
| 300 | _a498, [15] p. | ||
| 600 | 1 | 4 |
_aMORELOS Y PAVON, JOSE MARIA, _d1765-1815 |
| 651 | 4 |
_aMEXICO - _xPOLITICA Y GOBIERNO - _y1810- _91999 |
|
| 651 | 4 |
_aMéxico _xHistoria _yGuerra de Independencia, 1810-1821 _915381 |
|
| 700 | 1 |
_aSalazar Adame, Florencio, _ecoord. |
|
| 905 | _aLibro | ||
| 999 |
_c152146 _d152146 |
||